00689cam a22002171i 4500001001300000003000400013005001700017008004100034010001700075035001900092040001800111042001200129050001700141100003000158245013000188260003400318300002100352651005100373610003000424999001700454sa 64000653 DLC20260227111957.0821108s1959 io 000 0 ind  asa 64000653  a(OCoLC)8933721 aDLCcOAUdDLC apremarc00aDS644b.P3381 aAidit, D. N.,d1923-1965.10aUntuk demokrasi dan kabinet gotong rojong (laporanumum Comite Central Partai Komunis Indonesia kepada Kongres Nasional ke-VI) aDjakarta :bPembaruan,c1959. a181 p. ;c18 cm. 0aIndonesiaxPolitics and governmenty1950-1966.20aPartai Komunis Indonesia. c56369d56369